El protestantismo en América Latina : ¿germen del cambio social? (Registro nro. 51182)
[ vista simple ]
| 000 -LÍDER | |
|---|---|
| Campo fijo de descripción fija | 00780cab a2200205 i 4500 |
| 001 - NÚMERO DE CONTROL | |
| Campo de control | 768714001 |
| 003 - IDENTIFICADOR DEL NÚMERO DE CONTROL | |
| Campo de control | CO-MdBIC |
| 005 - FECHA Y HORA DE LA ULTIMA TRANSACCIÓN | |
| control field | 20230403152719.0 |
| 008 - ELEMENTOS DE LONGITUD FIJA -- INFORMACIÓN GENERAL | |
| Campo fijo de descripción fija -- Información general | 211215b ck ||||| |||| 00| 0 spa d |
| 022 ## - NÚMERO INTERNACIONAL NORMALIZADO PARA PUBLICACIONES SERIADAS | |
| Número Internacional Normalizado para Publicaciones Seriadas | 1014-9341 |
| 040 ## - FUENTE DE CATALOGACIÓN | |
| Idioma de catalogación | spa |
| Agencia Catalogadora | CO-MdFUSB |
| Agencia que realiza la transcripción | CO-MdFUSB |
| Agencia que realiza la modificación | CO-MdFUSB |
| 041 ## - CÓDIGO DE IDIOMA | |
| Código de idioma para texto/pista de sonido o título separado | spa |
| 100 1# - ASIENTO PRINCIPAL--NOMBRE PERSONAL | |
| Nombre personal | Suazo Jr, David |
| Término relacionador | Autor |
| 245 10 - TÍTULO | |
| Título | El protestantismo en América Latina : ¿germen del cambio social? |
| Mención de responsabilidad | / Lic. David Suazo |
| 300 ## - DESCRIPCIÓN FÍSICA | |
| Extensión | Número 13 (Julio - Diciembre, 1993), páginas 89-94 |
| Dimensiones | ; 22 cm |
| 650 #0 - ASIENTO SECUNDARIO DE MATERIA - TERMINO TEMÁTICO | |
| 9 (RLIN) | 691 |
| Término temático o nombre geográfico como elemento de entrada | Protestantismo |
| Subdivisión geográfica | América Latina |
| 773 0# - ASIENTO DE ITEM FUENTE | |
| Título | Kairós |
| Biblionumber | 49489 |
| Itemnumber | 75837 |
| Parte(s) relacionada(s) / Volumen., número. (mes año), páginas | Número 13 (Julio - Diciembre, 1993), páginas 89-94 |
| Enumeración y primera página | Página 89 |
| 773 0# - ASIENTO DE ITEM FUENTE | |
| Título | Kairós |
| Biblionumber | 49489 |
| Itemnumber | 61205 |
| Parte(s) relacionada(s) / Volumen., número. (mes año), páginas | Número 13 (Julio - Diciembre, 1993), páginas 89-94 |
| Enumeración y primera página | Página 89 |
| 942 ## - TIPO DE MATERIAL (KOHA) | |
| Tipo de Item KOHA | Artículos de Revista |
No hay ítems disponibles.
